000 00702nam a22002177a 4500
005 20180210160011.0
010 _aENG-122211
020 _a9789387067493
_c595.00
035 _aEN-105743
037 _bDBAD/PUB
082 _a610.28
100 _aWaite, Lee
245 _aApplied biofluid mechanics/
_cby Lee Waite [and] Jerry Fine
250 _a2nd ed.
260 _aChennai
_bMcGraw Hill Education (India)
_cc2017
270 _a444/1, Sri Ekambara Naicker Industrial Estate, Alapakkam,porur,chenni
_bChennai
_e600116
300 _axv,336p.
_c23cm.(pbk)
500 _aIt includes bibliographical reference index
700 _aFine, Jerry
942 _2ddc
_cEN
_h610.28
_mWAI
999 _c149767
_d149767